000 01169nam a22002297a 4500
001 13357
005 20251013112938.0
008 250929b |||||||| |||| 00| 0 eng d
020 _a0281045615
020 _a9780281045617
040 _aBSULIB
082 _a270.1 FOS
100 _aFoster, John
_925957
245 _a The first advance/
_bChurch History 1: AD 29 - 500
_cJohn Foster, Revised by W.H.C Frend
250 _aRevised ed.
260 _aLondon:
_bSociety for Promoting Christian Knowledge (SPCK);
_c1991.
300 _axii, 180p. :
_b ill. ;
_c22 cm.
505 _a1. Beginnings --2. The House-church --3. The church and its mission --4. Which Scriptures? Which creed? Which ministry? --5. The Roman Empire: through persecution to Pro-Christian Emperor --6. First Christian Kingdom and first Christian nation --7. Parthia/Persia: through persecution to toleration --8. Both shores of the Red Sea --9. Wild peoples of the north --10. Doctrines that matter most --11. The coming of the monks --12. What Christians today owe to the Early Church
650 _2Church history
650 _2Primitive and early church, ca. 30-600
942 _2ddc
_cBK
999 _c13357
_d13357